000 00315nam a22001337a 4500
008 170310b xxu||||| |||| 00| 0 eng d
020 _a9781416060475
041 _aeng
080 _a611
100 _a7
101 _aSHM
245 _aRHEUMATIC DISEASE CLINICS OF NORTH AMERICA
_cFITZCHARLES..M.A
942 _2udc
_cBK
999 _c7423
_d7423